000 01807na a2200421 4500
999 _c8506
_d8506
001 19442
003 MIRAKIL
005 20210312171509.0
008 161214b tu 000 0
035 _a19442
040 _aMilas
_btur
_cTR-AnCHP
041 _atur
082 _aCHP 324.2372
_bK44h 2011
090 _aBROŞÜR 125
100 _aKılıçdaroğlu, Kemal
_cCHP Genel Başkanı
240 _aHerkes için CHP
_f2011
_kHerkes rahat bir nefes alacak
245 _aHerkes için CHP
_bŞoför yeniden esnaf olacak. Herkes rahat bir nefes alacak
_c[Kemal Kılıçdaroğlu]
246 _aHerkes rahat bir nefes alacak
246 _aŞoför yeniden esnaf olacak. Herkes rahat bir nefes alacak
260 _aAnkara
_bCHP
_c2011
300 _abroşür
_c20 sm.
440 _aCumhuriyet Halk Partisi yayınları
_pHerkes için CHP dizisi
_pHerkes rahat bir nefes alacak dizisi
500 _aŞoförler için : Şoför yeniden esnaf olacak. Herkes rahat bir nefes alacak
600 _aKılıçdaroğlu, Kemal
_cCHP Genel Başkanı
_xPropaganda ve ideolojiler
_yEsnaflar
600 _aKılıçdaroğlu, Kemal
_xSeçim kampanyaları, 2011
_yEsnaflar
610 _aCHP
_xPropaganda ve ideolojiler
_yGenel seçimler, 2011
610 _aCHP
_xSeçim kampanyaları, 2011
_yEsnaflar
610 _aCHP
_xSiyaset ve yönetim
_yKılıçdaroğlu dönemi
651 _aTürkiye
_xSiyaset ve yönetim
_y2011-
740 _aŞoförler için : Şoför yeniden esnaf olacak. Herkes rahat bir nefes alacak
830 _aHerkes rahat bir nefes alacak dizisi
830 _aHerkes için CHP dizisi
830 _aCHP broşürleri
942 _2ddc
_cBKS
999 _d8506